| 000 | 00522nam a2200157Ia 4500 | ||
|---|---|---|---|
| 003 | SGT | ||
| 020 | _a8127225126 | ||
| 082 |
_a330 _bCHA |
||
| 100 | _aChopra,P.N | ||
| 245 | _aPrincipales of economics | ||
| 260 |
_bKalyani Publishers _aNew Delhi _c2011 |
||
| 300 | _a698p. | ||
| 650 | _aECONOMICS | ||
| 653 | _aINTRODUCTORY,THEORY OF DEMAND,FACTORS OF PRODUCTION,PRODUCTION AND COST,MARKET STRUCTURES AND PRODUCTION PRICING,FACTOR PRICING AND DISTRIBUTION,NATIONAL INCOME TRADE CYCLES AND PUBLIC FINANCE | ||
| 942 |
_2ddc _cBK |
||
| 999 |
_c5266 _d5266 |
||